| 000 | 00723nam a2200265Ia 4500 | ||
|---|---|---|---|
| 005 | 20260121165848.0 | ||
| 008 | 008 260114s9999 xx 000 0 eng d | ||
| 020 | _a9783319258263 | ||
| 037 | _aEBOOK | ||
| 040 | _aCRL | ||
| 040 | _beng | ||
| 040 | _cCRL | ||
| 041 | _2eng | ||
| 041 | _aeng | ||
| 084 | _qCRL | ||
| 100 |
_aMark Podolskij, Robert Stelzer, Steen Thorbjørnsen, Almut E. D. Veraart _91056951 |
||
| 245 | 4 | _aThe Fascination of Probability, Statistics and their Applications | |
| 260 | _bSpringer | ||
| 260 | _bSpringer | ||
| 260 | _c2016 | ||
| 856 | _uhttps://link.springer.com/openurl?genre=book&isbn=978-3-319-25826-3 | ||
| 942 | _cEBOOK | ||
| 999 |
_c1622679 _d1622679 |
||